000 00392nam a2200145Ia 4500
008 231217s9999 xx 000 0 und d
020 _a8187972076
041 _aEnglish
100 _aAxelson, Jan.
245 0 _aUSB complete : everything you need to develop custom USB peripherals
260 _c2001
_bPenram International
_aMumbai
300 _axviii+522
650 _aabc
942 _cAA
999 _c182301
_d182301